1194 1459 1203 1627 1738 1298 1411 1700 1196 1444 1622 1863 1298 1936 1241 1500 1466 1362 1425 1291 1395 1750 1858 1913 1540 1192 1166 1818 1008 1018 1694 1685 1477 1830 1036 1064 1711 1237 1263 1622 1507 1965 1869 1138 1536 1127 1675 1391 1861 1053 1341 1327 1932 1620 1716 1998 1056 1897 1744 1803 1192 1511 1744 1018 1122 1500 1190 1515 1392 1316 1377 1330 1275 1358 1261 1299 1091 1320 1712 1438 1411 1297 1766 1723 1947 1265 1352 1757 1823 1646 1276 1537 1755 1203 1196 1299 1580 1209 1408 BCNSPRNW ULIB Ver.6.0+V

เปลี่ยนเป็นภาษาไทย

Change to English
 แสดงรายละเอียดบรรณานุกรม
  กลับหน้าหลัก

Brief Record : Get Marc (ISO 2709) : E-mail record : QR code < ปิดหน้าต่าง
LEADER : 00000nam 2200000uu 4500
001    13399124536
003     ULIB
008    020711s2548 th a 000 0 tha d
099    วจ.WY18.2^bป146ผ
100 0  ปฐมพร โพธิ์ถาวร
245    ผลของการจัดรูปแบบการเรียนการสอนตามสภาพการณ์จริง วิชาการพยาบาลสูติศาสตร์ 2/^cปฐมพร โพธิ์ถาวร
260    สงขลา ^bวิทยาลัยพยาบาลบรมราชชนนี สงขลา,^c2548
650  0 รูปแบบการเรียนการสอน^xวิจัย
700 0  ภูรียา เพ็ญสุวรรณ
700 0  ปาริชาต ชูประดิษฐ์
700 0  พรรณี ฉุ้นประดับ
700 0  พิมพา กายประสิทธิ์
945    ^p0^l0^i018209
999    ^aทศพร
รายการนี้ยังไม่มีแท็ก
คุณยังไม่ได้ล็อกอิน คุณสามารถมีกิจกรรมร่วมกับเว็บไซต์ได้ แต่ต้องล็อกอินก่อน ::
  ล็อกอิน

รายการสื่อสารสนเทศ

ลำดับที่ ประเภท เลขเรียก/บาร์โค้ด สถานที่ สถานะ
1. งานวิจัย
งานวิจัย
วจ.WY18.2 ป146ผ ฉ.1 
  Barcode: 018209
ห้องสมุดวิทยาเขตสวรรค์ประชารักษ์
►วิจัย
บนชั้น

รายการใกล้เคียง
    ผู้แต่ง [ปฐมพร โพธิ์ถาวร]

BibComment


ยังไม่เคยถูกคอมเมนท์

คอมเมนท์ทรัพยากรรายการนี้
  คอมเมนท์: ผลของการจัดรูปแบบ..


 Copyright 2026. Bcnsprnw @Library